000 00591nam a22002537a 4500
003 UA-OsUOA
001 26049
007 ta
008 20040511b un ||||| |||| 00| 0 ukr d
100 _aСадохин А.П.
090 _a39(075.8)
_bС14
942 _cBK
040 _aUA-OsUOA
_brus
_cUA-OsUOA
_dUA-OsUOA
245 _aЕтнология
_bУчебник
300 _a256 с.
955 _a0
041 _arus
080 _a39(075.8)
020 _a5-8297-00045-Х
260 _aМосква
_bГардарики
_c2001
044 _aRU
650 7 _2UDC
999 _c312357
_d312357